00386 a2200109 4500001001000000005001700010008004100027245006800068100001900136773010400155999001700259ART_3967620260410162012.0260409a 10aEspacio público e interacción entre jóvenes a nivel local1 aGojzman, Diego0 tPropuestas para la sociedad, el gobierno y la produccióng- Año 9, Nº 13 (mayo 2006)wREV39547 c32304d32304